[Event "Ruhrgebiet Verbandsklasse Gruppe 3 1819"]
[Site "Nordrheinwestfalen"]
[Date "2019.05.05"]
[Round "9.2"]
[White "Eckert, Marius"]
[Black "Friedrichs, Klaus"]
[Result "0-1"]
[WhiteElo "2115"]
[BlackElo "2243"]
[PlyCount "76"]
[EventDate "2018.09.23"]
[EventType "team-tourn"]
[EventRounds "9"]
[EventCountry "GER"]
[SourceTitle "EXT 2022"]
[Source "ChessBase"]
[SourceDate "2021.10.06"]
[SourceVersion "1"]
[SourceVersionDate "2021.10.06"]
[SourceQuality "1"]
[WhiteTeam "Waltrop SV"]
[BlackTeam "Brackel SF IV"]
[WhiteTeamCountry "GER"]
[BlackTeamCountry "GER"]

1. d4 Nf6 2. Bf4 d5 3. e3 c5 4. c3 Nc6 5. Nd2 Bf5 6. Qb3 Qd7 7. Ngf3 c4 8. Qd1 e6 9. a4 Bd6 10. Bxd6 Qxd6 11. b3 cxb3 12. Qxb3 0-0 13. Be2 Rfc8 14. 0-0 Na5 15. Qb5 Qd8 16. Rfc1 Ne8 17. Bd3 Nd6 18. Qb1 Bxd3 19. Qxd3 Rc7 20. Rab1 Rac8 21. Nb3 Nxb3 22. Rxb3 Rc4 23. h4 h6 24. g3 Rxa4 25. Nd2 Qa5 26. Kg2 Ra2 27. g4 Qa4 28. Rcb1 b6 29. g5 hxg5 30. hxg5 g6 31. e4 dxe4 32. Qh3 Rxd2 33. Rh1 Kf8 34. Qh8+ Ke7 35. Qf6+ Kd7 36. Rbb1 e3 37. Rhf1 Qc2 38. Kg3 Ne4+ 0-1

[Event "Ruhrgebiet Verbandsliga Gruppe 2 1516"]
[Site "Germany"]
[Date "2016.04.24"]
[Round "9.1"]
[White "Friedrichs, Klaus"]
[Black "Baerwolf, Steven"]
[Result "1-0"]
[WhiteElo "2237"]
[BlackElo "2146"]
[PlyCount "105"]
[EventDate "2015.09.06"]
[EventType "team-tourn"]
[EventRounds "9"]
[EventCountry "GER"]
[SourceTitle "EXT 2022"]
[Source "ChessBase"]
[SourceDate "2021.10.06"]
[SourceVersion "1"]
[SourceVersionDate "2021.10.06"]
[SourceQuality "1"]
[WhiteTeam "Brackel SF II"]
[BlackTeam "Horst Emscher"]
[WhiteTeamCountry "GER"]
[BlackTeamCountry "GER"]

1. e4 b6 2. d4 Bb7 3. Bd3 e6 4. Nf3 Nf6 5. Nbd2 c5 6. c3 cxd4 7. cxd4 Bb4 8. 0-0 Bxd2 9. Nxd2 Nc6 10. e5 Nd5 11. Ne4 0-0 12. Qh5 h6 13. Bg5 Nce7 14. Nf6+ gxf6 15. exf6 Ng6 16. Bxg6 Nxf6 17. Bh7+ Kh8 18. Qxh6 Nxh7 19. Bxd8 Raxd8 20. f3 Rg8 21. Rae1 Rg6 22. Qh3 f6 23. Re4 Bxe4 24. fxe4 Rc8 25. Qe3 Rc2 26. Rf2 Rc8 27. Rf1 Rc2 28. Rf2 Rc8 29. g3 Rgg8 30. Kg2 Rc4 31. b3 Rc7 32. Qh6 Rf8 33. g4 Rcc8 34. h3 Kg8 35. Qg6+ Kh8 36. Qh6 Kg8 37. e5 fxe5 38. Qg6+ Kh8 39. Rxf8+ Nxf8 40. Qf6+ Kg8 41. dxe5 Rc2+ 42. Kg3 Rc3+ 43. Kh4 Rc5 44. Kh5 d5 45. Qe7 Rc3 46. h4 Rf3 47. Qxa7 Rf7 48. Qxb6 Rd7 49. Qd4 Rh7+ 50. Kg5 Rg7+ 51. Kf4 Ng6+ 52. Ke3 Nxh4 53. Qb6 1-0

[Event "Ruhrgebiet Verbandsliga Gruppe 2 1516"]
[Site "Germany"]
[Date "2015.12.20"]
[Round "5.1"]
[White "Friedrichs, Klaus"]
[Black "Dahm, Bernd W"]
[Result "1/2-1/2"]
[WhiteElo "2258"]
[BlackElo "2154"]
[PlyCount "28"]
[EventDate "2015.09.06"]
[EventType "team-tourn"]
[EventRounds "9"]
[EventCountry "GER"]
[SourceTitle "EXT 2022"]
[Source "ChessBase"]
[SourceDate "2021.10.06"]
[SourceVersion "1"]
[SourceVersionDate "2021.10.06"]
[SourceQuality "1"]
[WhiteTeam "Brackel SF II"]
[BlackTeam "Katernberg SF III"]
[WhiteTeamCountry "GER"]
[BlackTeamCountry "GER"]

1. d4 e6 2. Nf3 Nf6 3. Bg5 b6 4. Nbd2 Bb7 5. e3 Be7 6. Bd3 c5 7. c3 cxd4 8. exd4 d6 9. 0-0 0-0 10. Bxf6 Bxf6 11. Be4 Qc7 12. Re1 Nd7 13. a4 a6 14. Bxb7 Qxb7 1/2-1/2

[Event "Ruhrgebiet Verbandsklasse Gruppe 2 1415"]
[Site "Germany"]
[Date "2015.01.18"]
[Round "5"]
[White "Friedrichs, Klaus"]
[Black "Kindermann, Carsten"]
[Result "1-0"]
[WhiteElo "2287"]
[BlackElo "1919"]
[PlyCount "29"]
[EventDate "2014.09.21"]
[EventType "team-tourn"]
[EventRounds "9"]
[EventCountry "GER"]
[SourceTitle "EXT 2022"]
[Source "ChessBase"]
[SourceDate "2021.10.06"]
[SourceVersion "1"]
[SourceVersionDate "2021.10.06"]
[SourceQuality "1"]
[WhiteTeam "Brackel SF III"]
[BlackTeam "Borbeck Weisse Dame II"]
[WhiteTeamCountry "GER"]
[BlackTeamCountry "GER"]

1. e4 e5 2. Nf3 Nc6 3. Bc4 Be7 4. d4 d6 5. dxe5 dxe5 6. Qd5 Qxd5 7. exd5 e4 8. dxc6 exf3 9. Bd5 fxg2 10. Bxg2 b6 11. Bf4 Bd8 12. Nc3 Ba6 13. 0-0-0 Ne7 14. Rhe1 Kf8 15. Rd7 1-0

[Event "Ruhrgebiet Verbandsklasse Gruppe 2 1415"]
[Site "Germany"]
[Date "2014.09.21"]
[Round "1.1"]
[White "Kohlweyer, Bernd"]
[Black "Friedrichs, Klaus"]
[Result "0-1"]
[WhiteElo "2387"]
[BlackElo "2287"]
[PlyCount "60"]
[EventDate "2014.09.21"]
[EventType "team-tourn"]
[EventRounds "9"]
[EventCountry "GER"]
[SourceTitle "EXT 2022"]
[Source "ChessBase"]
[SourceDate "2021.10.06"]
[SourceVersion "1"]
[SourceVersionDate "2021.10.06"]
[SourceQuality "1"]
[WhiteTeam "Dortmund SV"]
[BlackTeam "Brackel SF III"]
[WhiteTeamCountry "GER"]
[BlackTeamCountry "GER"]

1. d4 e6 2. c4 f5 3. Nc3 Nf6 4. e3 b6 5. Bd3 Bb7 6. f3 g6 7. Nge2 Bg7 8. 0-0 0-0 9. e4 Nc6 10. exf5 gxf5 11. Bg5 Kh8 12. Qd2 a6 13. Rad1 Qe8 14. Bb1 Nd8 15. d5 Nf7 16. Bh4 Nd6 17. b3 e5 18. Bf2 Qg6 19. Kh1 Rg8 20. Rg1 Rae8 21. g4 Bh6 22. Be3 Bxe3 23. Qxe3 e4 24. gxf5 Qxf5 25. fxe4 Rxg1+ 26. Rxg1 Ndxe4 27. Nxe4 Nxe4 28. Ng3 Nf2+ 29. Kg2 Qh3+ 30. Kxf2 Qxh2+ 0-1

[Event "Golden Sands Europe op 3rd"]
[Site "Golden Sands"]
[Date "2014.06.12"]
[Round "3"]
[White "Gao, Rui"]
[Black "Friedrichs, Klaus"]
[Result "1-0"]
[WhiteElo "2487"]
[BlackElo "2298"]
[PlyCount "81"]
[EventDate "2014.06.10"]
[EventType "swiss"]
[EventRounds "9"]
[EventCountry "BUL"]
[SourceTitle "CBM 160 Extra"]
[Source "ChessBase"]
[SourceDate "2014.07.01"]
[SourceVersion "1"]
[SourceVersionDate "2014.07.01"]
[SourceQuality "1"]

1. e4 c5 2. Nf3 Nc6 3. Nc3 g6 4. d4 cxd4 5. Nxd4 Bg7 6. Be3 Nf6 7. Bc4 0-0 8. Bb3 d6 9. h3 Na5 10. 0-0 b6 11. Bg5 Bb7 12. Bd5 Qc8 13. Re1 Nc4 14. Bxb7 Qxb7 15. b3 Na5 16. Qf3 Rfc8 17. Rad1 Rc5 18. Nd5 Nxd5 19. exd5 Qxd5 20. b4 Qxf3 21. Nxf3 Rxg5 22. Nxg5 Nc6 23. b5 Na5 24. Rxe7 Bf6 25. Rxf7 Bxg5 26. Rc7 Rd8 27. Rd5 Bc1 28. Rxa7 Ba3 29. Rd3 Bc5 30. Rf3 Rf8 31. Rxf8+ Kxf8 32. Rxh7 Nc4 33. a4 Na3 34. Rc7 Nxc2 35. a5 Nd4 36. a6 Nxb5 37. Rb7 Kg8 38. a7 Nxa7 39. Rxa7 b5 40. Rb7 b4 41. g4 1-0

[Event "Golden Sands Europe op 3rd"]
[Site "Golden Sands"]
[Date "2014.06.11"]
[Round "2"]
[White "Friedrichs, Klaus"]
[Black "Firat, Burak"]
[Result "1/2-1/2"]
[WhiteElo "2298"]
[BlackElo "2471"]
[PlyCount "82"]
[EventDate "2014.06.10"]
[EventType "swiss"]
[EventRounds "9"]
[EventCountry "BUL"]
[SourceTitle "CBM 160 Extra"]
[Source "ChessBase"]
[SourceDate "2014.07.01"]
[SourceVersion "1"]
[SourceVersionDate "2014.07.01"]
[SourceQuality "1"]

1. d4 Nf6 2. Bg5 e6 3. Nd2 d5 4. e3 c5 5. c3 Nc6 6. Ngf3 Be7 7. Bd3 b6 8. 0-0 0-0 9. Ne5 Nxe5 10. dxe5 Nd7 11. Bxe7 Qxe7 12. f4 f6 13. exf6 Rxf6 14. e4 Bb7 15. e5 Rf7 16. Qh5 g6 17. Qg4 c4 18. Bc2 Raf8 19. Rae1 Kh8 20. h4 d4 21. Nxc4 Ba6 22. Nd6 d3 23. Bb3 d2 24. Rd1 Bxf1 25. Nxf7+ Qxf7 26. Rxf1 Nc5 27. Rd1 Nxb3 28. axb3 Qd7 29. Qe2 Rd8 30. Qe3 b5 31. Kf2 a5 32. c4 a4 33. bxa4 bxc4 34. a5 Qd5 35. a6 Qa5 36. g4 Rd3 37. Qa7 Kg8 38. Qe7 Qd5 39. Qe8+ Kg7 40. Qe7+ Kg8 41. Qe8+ Kg7 1/2-1/2

[Event "Golden Sands Europe op 2nd"]
[Site "Golden Sands"]
[Date "2013.06.16"]
[Round "7"]
[White "Dimitrov, Radoslav"]
[Black "Friedrichs, Klaus"]
[Result "0-1"]
[WhiteElo "2429"]
[BlackElo "2293"]
[PlyCount "66"]
[EventDate "2013.06.10"]
[EventType "swiss"]
[EventRounds "9"]
[EventCountry "BUL"]
[SourceTitle "CBM 154 Extra"]
[Source "ChessBase"]
[SourceDate "2013.06.25"]
[SourceVersion "2"]
[SourceVersionDate "2013.06.25"]
[SourceQuality "1"]

1. c4 e5 2. Nc3 Nc6 3. Nf3 f5 4. d4 e4 5. Ne5 Bb4 6. Bf4 Nf6 7. e3 Ne7 8. Bg5 0-0 9. c5 d5 10. cxd6 Qxd6 11. a3 Bxc3+ 12. bxc3 Be6 13. c4 c5 14. Bf4 Qb6 15. d5 Rad8 16. Qc2 Qa5+ 17. Qd2 Qa4 18. Be2 b5 19. Qb2 Qa5+ 20. Kf1 Bd7 21. d6 Nc8 22. Rd1 Be8 23. cxb5 Rxd6 24. Bc4+ Kh8 25. Ng6+ Bxg6 26. Bxd6 Rd8 27. Qe5 Bh5 28. g4 Bxg4 29. Kg2 Bf3+ 30. Kg3 Bxd1 31. Rxd1 Qa4 32. Be2 Qc2 33. Be7 Rg8 0-1

[Event "Ruhrgebiet VK3 1213"]
[Site "Nordrheinwestfalen"]
[Date "2013.02.03"]
[Round "6.1"]
[White "Grodotzki, Thomas"]
[Black "Friedrichs, Klaus"]
[Result "1/2-1/2"]
[WhiteElo "2037"]
[BlackElo "2224"]
[PlyCount "88"]
[EventDate "2012.09.02"]
[EventType "team-tourn"]
[EventRounds "9"]
[EventCountry "GER"]
[SourceTitle "EXT 2020"]
[Source "ChessBase"]
[SourceDate "2019.10.17"]
[SourceVersion "1"]
[SourceVersionDate "2019.10.17"]
[SourceQuality "1"]
[WhiteTeam "Wacker Bergeborbeck"]
[BlackTeam "Brackel SF III"]
[WhiteTeamCountry "GER"]
[BlackTeamCountry "GER"]

1. e4 e5 2. Nf3 Nc6 3. d4 exd4 4. c3 d5 5. exd5 Qxd5 6. cxd4 Bg4 7. Be2 Bb4+ 8. Nc3 Bxf3 9. Bxf3 Qc4 10. Bxc6+ bxc6 11. Qe2+ Qxe2+ 12. Kxe2 0-0-0 13. Be3 Ne7 14. Rac1 Rhe8 15. Rhd1 Ba5 16. Kf3 Bb6 17. g4 Rd7 18. b4 f5 19. h3 Rf8 20. Kg3 Ng6 21. Ne2 Rdf7 22. gxf5 Ne7 23. Kg2 Nxf5 24. Nf4 Nxd4 25. Bxd4 Rxf4 26. Bxb6 axb6 27. Rd2 R8f6 28. Re1 Rg6+ 29. Kf1 Rd6 30. Re8+ Kd7 31. Rde2 Rf7 32. Rh8 h6 33. Ree8 Re7 34. Ra8 Ke6 35. Ra3 Kf7 36. Rc8 Rd1+ 37. Kg2 Rd6 38. Rc3 Rf6 39. a4 Rf4 40. Rxc6 Rxb4 41. R8xc7 Rxc7 42. Rxc7+ Kf6 43. Rc6+ Kf5 44. a5 bxa5 1/2-1/2

[Event "Ruhrgebiet Verbandsliga2 1213"]
[Site "Nordrheinwestfalen"]
[Date "2013.01.13"]
[Round "5.8"]
[White "Friedrichs, Klaus"]
[Black "Pruefer, Wolfgang"]
[Result "1-0"]
[WhiteElo "2224"]
[BlackElo "1993"]
[PlyCount "77"]
[EventDate "2012.09.02"]
[EventType "team-tourn"]
[EventRounds "9"]
[EventCountry "GER"]
[SourceTitle "EXT 2020"]
[Source "ChessBase"]
[SourceDate "2019.10.17"]
[SourceVersion "1"]
[SourceVersionDate "2019.10.17"]
[SourceQuality "1"]
[WhiteTeam "Brackel SF II"]
[BlackTeam "Oberhausen SV II"]
[WhiteTeamCountry "GER"]
[BlackTeamCountry "GER"]

1. d4 d5 2. c4 e6 3. Nf3 c6 4. Nc3 f5 5. Bf4 Nf6 6. e3 Bd6 7. Bd3 0-0 8. 0-0 Ne4 9. Qb3 g5 10. Bxd6 Nxd6 11. Ne5 Nd7 12. cxd5 cxd5 13. Rac1 Qf6 14. Nxd5 exd5 15. Qxd5+ Nf7 16. Nxd7 Bxd7 17. Qxd7 Nd6 18. Bc4+ Kh8 19. Qe6 Rae8 20. Qxf6+ Rxf6 21. Bd5 Rd8 22. f3 f4 23. e4 Nf5 24. Rc7 Ne3 25. Rfc1 Nxd5 26. exd5 Rfd6 27. Rxb7 Rxd5 28. Rcc7 Rxd4 29. Rxh7+ Kg8 30. h3 R4d5 31. Rbg7+ Kf8 32. Rxa7 Kg8 33. Kh2 R8d6 34. Rhb7 Rd8 35. Rg7+ Kh8 36. Rh7+ Kg8 37. b4 Rb5 38. Rag7+ Kf8 39. Rb7 1-0

[Event "Milan Crespi op-A 33rd"]
[Site "Milan"]
[Date "2012.12.08"]
[Round "9"]
[White "Stella, Andrea"]
[Black "Friedrichs, Klaus"]
[Result "1-0"]
[WhiteElo "2453"]
[BlackElo "2301"]
[PlyCount "81"]
[EventDate "2012.12.01"]
[EventType "swiss"]
[EventRounds "9"]
[EventCountry "ITA"]
[SourceTitle "CBM 151 Extra"]
[Source "ChessBase"]
[SourceDate "2012.12.18"]
[SourceVersion "1"]
[SourceVersionDate "2012.12.18"]
[SourceQuality "1"]

1. Nf3 c5 2. c4 g6 3. Nc3 Bg7 4. g3 Nc6 5. Bg2 Nh6 6. h4 d6 7. d3 Bg4 8. h5 Qd7 9. Ng5 0-0-0 10. f3 Be6 11. Nd5 f6 12. Nxe6 Qxe6 13. g4 Kb8 14. Be3 g5 15. Qd2 Rhg8 16. 0-0-0 f5 17. Bxg5 fxg4 18. Kb1 Nf7 19. Be3 gxf3 20. Bh3 Qe5 21. exf3 Nd4 22. f4 Qxh5 23. Nxe7 Rge8 24. Bd7 Qxd1+ 25. Qxd1 Rxe7 26. Bxd4 Bxd4 27. Bf5 Rg8 28. Be4 Nd8 29. f5 Reg7 30. Bd5 Re8 31. Qh5 Rge7 32. Be4 Nf7 33. a3 h6 34. Rh2 Ng5 35. Qxh6 Nxe4 36. dxe4 Rxe4 37. Qxd6+ Ka8 38. Rg2 a6 39. f6 Re1+ 40. Ka2 Rf1 41. Qe7 1-0

[Event "Milan Crespi op-A 33rd"]
[Site "Milan"]
[Date "2012.12.03"]
[Round "3"]
[White "Rettore, Ludwig"]
[Black "Friedrichs, Klaus"]
[Result "1-0"]
[WhiteElo "2115"]
[BlackElo "2301"]
[PlyCount "71"]
[EventDate "2012.12.01"]
[EventType "swiss"]
[EventRounds "9"]
[EventCountry "ITA"]
[SourceTitle "CBM 151 Extra"]
[Source "ChessBase"]
[SourceDate "2012.12.18"]
[SourceVersion "1"]
[SourceVersionDate "2012.12.18"]
[SourceQuality "1"]

1. Nf3 f5 2. d4 Nf6 3. g3 e6 4. Bg2 d5 5. 0-0 Bd6 6. b3 Qe7 7. a4 a5 8. Ba3 Bxa3 9. Nxa3 0-0 10. c3 Nbd7 11. Nc2 Ne4 12. Nce1 b6 13. Rc1 Bb7 14. Nd3 c5 15. Nfe5 Rac8 16. Nxd7 Qxd7 17. Ne5 Qe7 18. Qd3 Rfd8 19. Rfd1 Nd6 20. Qb1 Rc7 21. Rd2 Rdc8 22. Rdc2 Ba6 23. Bf3 Ne4 24. Qb2 Qg5 25. c4 cxd4 26. Qxd4 Qf6 27. Qxb6 Qxe5 28. Qxa6 Nc5 29. Qb6 Rb7 30. Qxa5 Nxb3 31. Qa6 Nc5 32. cxd5 Nxa6 33. Rxc8+ Kf7 34. dxe6+ Kf6 35. Bxb7 Nb4 36. Bf3 1-0

[Event "Ruhrgebiet VK3 1213"]
[Site "Nordrheinwestfalen"]
[Date "2012.10.28"]
[Round "3"]
[White "Friedrichs, Klaus"]
[Black "Zachos, Ingo"]
[Result "1-0"]
[WhiteElo "2224"]
[BlackElo "1803"]
[PlyCount "39"]
[EventDate "2012.09.02"]
[EventType "team-tourn"]
[EventRounds "9"]
[EventCountry "GER"]
[SourceTitle "EXT 2020"]
[Source "ChessBase"]
[SourceDate "2019.10.17"]
[SourceVersion "1"]
[SourceVersionDate "2019.10.17"]
[SourceQuality "1"]
[WhiteTeam "Brackel SF III"]
[BlackTeam "Eichlinghofen SV II"]
[WhiteTeamCountry "GER"]
[BlackTeamCountry "GER"]

1. d4 d6 2. e4 Nf6 3. Nc3 g6 4. f4 Bg7 5. Nf3 0-0 6. Be3 b6 7. Qd2 c5 8. 0-0-0 cxd4 9. Bxd4 Nc6 10. Bxf6 Bxf6 11. h4 Bg4 12. h5 Bxh5 13. Rxh5 gxh5 14. Qd5 Nb4 15. Qxh5 Rc8 16. e5 Bg7 17. a3 Rxc3 18. bxc3 Na2+ 19. Kb2 Nxc3 20. Kxc3 1-0

[Event "Ruhrgebiet VK3 1112"]
[Site "Nordrheinwestfalen"]
[Date "2012.03.25"]
[Round "8"]
[White "Weier, Daniel"]
[Black "Friedrichs, Klaus"]
[Result "0-1"]
[WhiteElo "1878"]
[BlackElo "2194"]
[PlyCount "52"]
[EventDate "2012.09.18"]
[EventType "team-tourn"]
[EventRounds "9"]
[EventCountry "GER"]
[SourceTitle "EXT 2020"]
[Source "ChessBase"]
[SourceDate "2019.10.17"]
[SourceVersion "1"]
[SourceVersionDate "2019.10.17"]
[SourceQuality "1"]
[WhiteTeam "Sport Union Annen"]
[BlackTeam "Brackel SF II"]
[WhiteTeamCountry "GER"]
[BlackTeamCountry "GER"]

1. d4 f5 2. c4 Nf6 3. Nc3 e6 4. g3 d5 5. Bg2 c6 6. cxd5 exd5 7. e3 Bd6 8. Nge2 0-0 9. Qb3 Kh8 10. Bd2 Nbd7 11. f3 Qe7 12. Qc2 Nb6 13. 0-0-0 Nc4 14. e4 fxe4 15. fxe4 Ng4 16. Qb3 Nf2 17. exd5 Nxd2 18. Rxd2 Nxh1 19. Bxh1 Rf1+ 20. Rd1 Qe3+ 21. Kb1 Bf5+ 22. Ka1 Rxd1+ 23. Qxd1 Re8 24. dxc6 Bg4 25. c7 Bxc7 26. Qc2 Bxe2 0-1

[Event "Reykjavik op"]
[Site "Reykjavik"]
[Date "2012.03.11"]
[Round "7"]
[White "Friedrichs, Klaus"]
[Black "Bartholomew, John"]
[Result "1/2-1/2"]
[WhiteElo "2283"]
[BlackElo "2440"]
[PlyCount "106"]
[EventDate "2012.03.06"]
[EventType "swiss"]
[EventRounds "9"]
[EventCountry "ISL"]
[SourceTitle "CBM 147 Extra"]
[Source "ChessBase"]
[SourceDate "2012.04.24"]
[SourceVersion "1"]
[SourceVersionDate "2012.04.24"]
[SourceQuality "1"]

1. d4 Nf6 2. Nf3 c5 3. d5 b5 4. Bg5 Ne4 5. Bf4 Bb7 6. a4 b4 7. e3 e6 8. Bc4 Nf6 9. e4 Nxe4 10. 0-0 Bd6 11. Qe2 Bxf4 12. Qxe4 Qf6 13. Nbd2 0-0 14. Nb3 d6 15. Na5 Bxd5 16. Bxd5 exd5 17. Qxd5 Nd7 18. Nc4 Nb6 19. Nxb6 axb6 20. b3 Qc3 21. Qe4 Bh6 22. Rad1 Rfe8 23. Qd3 Qxd3 24. Rxd3 Re6 25. Rfd1 Rd8 26. Kf1 g6 27. g3 Kf8 28. Rd5 Ke7 29. h4 Re8 30. R1d3 Kd7 31. a5 Kc6 32. axb6 f6 33. Rd1 Rb8 34. Nh2 Rxb6 35. f4 f5 36. Nf3 Ra6 37. Kf2 Ra2 38. R5d2 Kd7 39. h5 Kc6 40. hxg6 hxg6 41. c4 Ra3 42. Rd3 Kc7 43. Kf1 Ra6 44. Re1 Rxe1+ 45. Kxe1 Bg7 46. Nh4 Bc3+ 47. Ke2 Ra3 48. Nxg6 Kd7 49. Nh4 Ke6 50. Re3+ Kf6 51. Rd3 Ke6 52. Re3+ Kf6 53. Rd3 Ke6 1/2-1/2

[Event "Reykjavik op"]
[Site "Reykjavik"]
[Date "2012.03.10"]
[Round "5"]
[White "Friedrichs, Klaus"]
[Black "Gretarsson, Hjorvar Steinn"]
[Result "0-1"]
[WhiteElo "2283"]
[BlackElo "2460"]
[PlyCount "156"]
[EventDate "2012.03.06"]
[EventType "swiss"]
[EventRounds "9"]
[EventCountry "ISL"]
[SourceTitle "CBM 147 Extra"]
[Source "ChessBase"]
[SourceDate "2012.04.24"]
[SourceVersion "1"]
[SourceVersionDate "2012.04.24"]
[SourceQuality "1"]

1. d4 Nf6 2. Nf3 e6 3. Bg5 c5 4. e3 h6 5. Bh4 Qb6 6. Nbd2 cxd4 7. exd4 d5 8. Rb1 g5 9. Bg3 g4 10. Ne5 h5 11. Bh4 Nfd7 12. Nxd7 Bxd7 13. c3 Nc6 14. Bd3 Be7 15. Bxe7 Nxe7 16. 0-0 Qd6 17. Qe2 0-0-0 18. f4 f5 19. Qe3 Ng6 20. Nb3 Kb8 21. Nc5 Bc8 22. Bb5 Rh7 23. Be2 b6 24. Nb3 Bd7 25. Rbe1 Rc8 26. Nc1 Ne7 27. Nd3 Ng8 28. Qe5 Qxe5 29. Nxe5 Kc7 30. Bd3 Nf6 31. Re3 Re7 32. h4 gxh3 33. Rxh3 Rg7 34. Be2 Rcg8 35. Bf3 Be8 36. Kf2 Kd6 37. Rh4 b5 38. a3 a5 39. Ra1 Ne4+ 40. Ke3 Nf6 41. Rh2 Rc7 42. Rhh1 Ne4 43. Nd3 Rg3 44. Ne5 Rcg7 45. Rh2 Ke7 46. Rah1 Nd6 47. Rh3 Kf6 48. Rxg3 Rxg3 49. Rh3 Rg7 50. Kf2 Rh7 51. Rh1 b4 52. axb4 axb4 53. Ra1 bxc3 54. bxc3 Rc7 55. Nd3 Rxc3 56. Nc5 Nb5 57. Ra4 Nxd4 58. Rxd4 Rxc5 59. g3 Rc2+ 60. Ke3 h4 61. gxh4 Rh2 62. Rb4 Rxh4 63. Rb8 Bc6 64. Be2 d4+ 65. Kxd4 Rxf4+ 66. Kc5 Bf3 67. Bc4 Bh5 68. Bb3 Re4 69. Rf8+ Bf7 70. Bd1 f4 71. Kc6 Rc4+ 72. Kb5 Rd4 73. Bg4 Kg7 74. Ra8 e5 75. Kc5 Kf6 76. Rf8 Ke7 77. Ra8 Rc4+ 78. Kb5 Rc3 0-1

[Event "Reykjavik op"]
[Site "Reykjavik"]
[Date "2012.03.06"]
[Round "1"]
[White "Friedrichs, Klaus"]
[Black "Sigurdarson, Emil"]
[Result "1-0"]
[WhiteElo "2283"]
[BlackElo "1769"]
[PlyCount "171"]
[EventDate "2012.03.06"]
[EventType "swiss"]
[EventRounds "9"]
[EventCountry "ISL"]
[SourceTitle "CBM 147 Extra"]
[Source "ChessBase"]
[SourceDate "2012.04.24"]
[SourceVersion "1"]
[SourceVersionDate "2012.04.24"]
[SourceQuality "1"]

1. d4 d5 2. c4 c6 3. cxd5 cxd5 4. Bf4 Nc6 5. e3 Nf6 6. Nc3 Bf5 7. Nf3 e6 8. Qb3 Bb4 9. Bb5 Qa5 10. 0-0 0-0 11. Bxc6 bxc6 12. Bc7 Qxc7 13. Qxb4 Rab8 14. Qa3 Nd7 15. Rfc1 Rfc8 16. b3 f6 17. Na4 Qa5 18. Qd6 Qc7 19. Qxc7 Rxc7 20. Nc5 Nxc5 21. Rxc5 Kf7 22. Rac1 Rb6 23. Nd2 Ke7 24. f3 Bd3 25. Kf2 Kd6 26. e4 Ba6 27. f4 Rb5 28. e5+ Kd7 29. Rxb5 Bxb5 30. b4 fxe5 31. fxe5 Rc8 32. Rc3 Ke7 33. Nb3 Bc4 34. Na5 Bb5 35. a3 Rc7 36. Rh3 h6 37. Rg3 Kf7 38. Nb3 Re7 39. Nc5 Bc4 40. h4 Bb5 41. Rf3+ Kg8 42. Ke3 Bc4 43. Rf2 Bb5 44. Kd2 Bc4 45. Kc3 Bb5 46. Kc2 Bc4 47. Kc3 Bb5 48. Kc2 Bc4 49. Kb2 Bb5 50. Kc3 Bc4 51. a4 Kh7 52. Rf8 Kg6 53. Kd2 Kh5 54. Rf4 Ba2 55. Ke3 Bb1 56. Kf3 Bc2 57. Kg3 Bf5 58. Rf2 g5 59. hxg5 Kxg5 60. b5 cxb5 61. axb5 Re8 62. Ra2 Rb8 63. Rxa7 Rxb5 64. Rg7+ Kh5 65. Kf4 Rb1 66. Re7 Rd1 67. Nxe6 Bxe6 68. Rxe6 Rxd4+ 69. Kf5 Rd1 70. g4+ Kh4 71. Rxh6+ Kg3 72. Rd6 Rf1+ 73. Ke6 Kxg4 74. Rxd5 Kg5 75. Rd2 Rg1 76. Rf2 Kg6 77. Ra2 Kg7 78. Ke7 Kg6 79. e6 Rd1 80. Rg2+ Kf5 81. Kf7 Rh1 82. e7 Rh7+ 83. Rg7 Rh8 84. e8Q Rxe8 85. Kxe8 Kf6 86. Re7 1-0

[Event "Ruhrgebiet VK1 0708"]
[Site "Germany"]
[Date "2008.04.27"]
[Round "9.2"]
[White "Friedrichs, Klaus"]
[Black "Nautsch, Werner"]
[Result "1/2-1/2"]
[WhiteElo "2301"]
[BlackElo "2306"]
[PlyCount "122"]
[EventDate "2007.09.16"]
[EventType "team"]
[EventRounds "9"]
[EventCountry "GER"]
[SourceTitle "EXT 2009"]
[Source "ChessBase"]
[SourceDate "2008.11.26"]
[SourceVersion "1"]
[SourceVersionDate "2008.11.26"]
[SourceQuality "1"]
[WhiteTeam "Ickern"]
[BlackTeam "Katernberg III"]
[WhiteTeamCountry "GER"]
[BlackTeamCountry "GER"]

1. d4 d6 2. Nf3 g6 3. c4 Bg7 4. Nc3 Nc6 5. d5 Ne5 6. Nxe5 Bxe5 7. e4 Nf6 8. Bd3 0-0 9. h3 Nd7 10. Bh6 Re8 11. Qd2 Nc5 12. Bc2 c6 13. 0-0 a5 14. Kh1 Qb6 15. Rab1 Qb4 16. f4 Bxc3 17. bxc3 Qxc4 18. Rbe1 cxd5 19. exd5 f5 20. Rf3 b5 21. Rfe3 Ra7 22. Bb3 Nxb3 23. axb3 Qc5 24. c4 e5 25. dxe6 Rae7 26. Qb2 bxc4 27. bxc4 Qa7 28. Qf6 Qc7 29. h4 Qd8 30. h5 Rf8 31. Bxf8 Qxf8 32. Qxf8+ Kxf8 33. hxg6 hxg6 34. Rd1 Ba6 35. Rxd6 Bxc4 36. Ra3 Bxe6 37. Rxa5 Kf7 38. Kh2 Kf6 39. Raa6 Re8 40. Kg3 Re7 41. Kf3 Kf7 42. Rab6 Re8 43. g3 Kf6 44. Ke3 Re7 45. Kd4 Re8 46. Kc5 Rc8+ 47. Rdc6 Re8 48. Ra6 Kf7 49. Ra7+ Kf6 50. Ra3 Kf7 51. Re3 Kf6 52. Rc7 Ra8 53. Kd6 Rd8+ 54. Kc6 Bd5+ 55. Kb6 Be6 56. Ra3 Rd6+ 57. Rc6 Rd8 58. Rc7 Re8 59. Rh7 Rd8 60. Rc3 Rb8+ 61. Rb7 Rd8 1/2-1/2

[Event "Ruhrgebiet VK1 0708"]
[Site "Germany"]
[Date "2008.02.17"]
[Round "6.2"]
[White "Pruefer, Wolfgang"]
[Black "Friedrichs, Klaus"]
[Result "0-1"]
[WhiteElo "2236"]
[BlackElo "2301"]
[PlyCount "80"]
[EventDate "2007.09.16"]
[EventType "team"]
[EventRounds "9"]
[EventCountry "GER"]
[SourceTitle "EXT 2009"]
[Source "ChessBase"]
[SourceDate "2008.11.26"]
[SourceVersion "1"]
[SourceVersionDate "2008.11.26"]
[SourceQuality "1"]
[WhiteTeam "Oberhausen II"]
[BlackTeam "Ickern"]
[WhiteTeamCountry "GER"]
[BlackTeamCountry "GER"]

1. e4 Nc6 2. d4 d5 3. e5 Bf5 4. c3 e6 5. Ne2 f6 6. f4 Nge7 7. Ng3 Bg6 8. Be2 Qd7 9. Be3 0-0-0 10. Nd2 Nf5 11. Nxf5 Bxf5 12. Qa4 Kb8 13. Bb5 a6 14. Bxc6 Qxc6 15. Qxc6 bxc6 16. b4 a5 17. Ke2 Kb7 18. h3 h5 19. a3 a4 20. Rac1 Be7 21. c4 fxe5 22. fxe5 g5 23. Nb1 h4 24. Nc3 dxc4 25. Ra1 Ra8 26. Kd2 Rhg8 27. Raf1 g4 28. hxg4 Rxg4 29. Rf2 Rc8 30. Rh2 Rd8 31. Kc1 Rg3 32. Kd2 c5 33. bxc5 Bxc5 34. Rxh4 Bxa3 35. Nxa4 Bb4+ 36. Nc3 Bxc3+ 37. Kxc3 Rxe3+ 38. Kxc4 Re4 39. Rxe4 Bxe4 40. Ra2 Bd5+ 0-1